000 00523cam a2200145 4500500
005 20260208002439.0
041 _afre
042 _adc
100 1 0 _aMasset, Claude
_eauthor
245 0 0 _aDominique Casajus, Charles de Foucauld : moine et savant, Paris, Cnrs Éd., 2009, 165 p., bibl., index, chronol.
260 _c2011.
500 _a14
786 0 _nL'Homme | 198-199 | 2 | 2011-07-01 | p. 367b-372b | 0439-4216
856 4 1 _uhttps://shs.cairn.info/revue-l-homme-2011-2-page-367b?lang=fr&redirect-ssocas=7080
999 _c1646396
_d1646396